|
|
|
|
| LEADER |
01171nam a22002897a 4500 |
| 001 |
32829 |
| 003 |
BD-DhAAL |
| 005 |
20180426120323.0 |
| 008 |
180425t2016 bg a b 000 0 eng d |
| 999 |
|
|
|c 39309
|d 39309
|
| 020 |
|
|
|a 9789849140016
|
| 082 |
0 |
0 |
|a 338.04095492
|2 22
|
| 100 |
|
|
|a Rattanawiboonsom, Vichayanan
|9 25689
|
| 245 |
0 |
0 |
|a Factors affecting entrepreneurial management in Bangladesh :
|b an empirical analysis /
|c Vichayanan Rattanawiboonsom and Muhammad Mahboob Ali
|
| 260 |
|
|
|a Dhaka :
|b Student Ways,
|c 2016
|
| 300 |
|
|
|a 31 pages :
|b illustrations ;
|c 25 cm.
|
| 504 |
|
|
|a Includes bibliographical references (pages 80-86).
|
| 526 |
|
|
|a AAL
|
| 541 |
|
|
|a Complimentary copy
|e 32829
|
| 650 |
|
0 |
|a Entrepreneurship
|z Bangladesh
|9 25690
|
| 650 |
|
0 |
|a Industrial policy
|z Bangladesh
|9 25708
|
| 650 |
|
0 |
|a Entrepreneurship
|9 25709
|
| 650 |
|
0 |
|a Small business
|9 25710
|
| 700 |
1 |
|
|a Ali, Muhammad Mahboob
|9 25692
|
| 852 |
4 |
|
|a Ayesha Abed Library
|j General Stacks
|
| 942 |
|
|
|2 ddc
|c BK
|
| 952 |
|
|
|0 0
|1 0
|2 ddc
|4 0
|6 338_040954920000000_RAT
|7 0
|9 63228
|a BRACUL
|b BRACUL
|c GEN
|d 2018-04-25
|e Complimentary copy
|l 1
|o 338.04095492 RAT
|p 3010032829
|r 2019-05-07
|s 2019-04-16
|t 1
|w 2018-04-25
|y BK
|